[Event "Parana-ch"]
[Site "Maringa"]
[Date "2019.12.14"]
[Round "6"]
[White "Da Silva, Ulisses Lucas"]
[Black "Egoroff, Jomar"]
[Result "0-1"]
[WhiteElo "1845"]
[BlackElo "2276"]
[PlyCount "46"]
[EventDate "2019.12.12"]
[EventType "swiss"]
[EventRounds "7"]
[EventCountry "BRA"]
[SourceTitle "CBM 193 Extra"]
[Source "ChessBase"]
[SourceDate "2020.01.31"]
[SourceVersion "1"]
[SourceVersionDate "2020.01.31"]
[SourceQuality "1"]

1. d4 d5 2. c4 e6 3. Nc3 Nf6 4. Nf3 a6 5. Bg5 dxc4 6. a4 Bb4 7. e3 c5 8. Bxc4 Qa5 9. Bxf6 Bxc3+ 10. bxc3 Qxc3+ 11. Nd2 gxf6 12. 0-0 Ke7 13. Rc1 Qa5 14. Ne4 cxd4 15. Qxd4 Qe5 16. Qb6 Qxe4 17. Qc5+ Kd8 18. Qb6+ Ke8 19. Bd3 Nd7 20. Qb3 Qe5 21. Qb4 f5 22. Rfd1 Rg8 23. Be2 Qe4 0-1

[Event "Caioba Telecom op 5th"]
[Site "Caioba"]
[Date "2019.08.18"]
[Round "9"]
[White "Di Berardino, Diego Rafael"]
[Black "Egoroff, Jomar"]
[Result "1-0"]
[WhiteElo "2482"]
[BlackElo "2276"]
[PlyCount "55"]
[EventDate "2019.08.12"]
[EventType "swiss"]
[EventRounds "9"]
[EventCountry "BRA"]
[SourceTitle "EXT 2020"]
[Source "ChessBase"]
[SourceDate "2019.10.17"]
[SourceVersion "1"]
[SourceVersionDate "2019.10.17"]
[SourceQuality "1"]

1. d4 d5 2. c4 c6 3. Nf3 Nf6 4. Nc3 a6 5. e3 e6 6. b3 Bb4 7. Bb2 0-0 8. Bd3 Nbd7 9. 0-0 Ba5 10. Qc2 dxc4 11. bxc4 c5 12. Rab1 Bc7 13. a4 h6 14. Bc1 Rb8 15. Ba3 b6 16. Rfd1 Qe7 17. h3 Bd6 18. Bb2 Bb7 19. d5 Ne5 20. Nxe5 Bxe5 21. e4 Qc7 22. Ne2 Bxb2 23. Qxb2 Nd7 24. Ng3 exd5 25. exd5 Rfe8 26. Re1 Ne5 27. Nf5 Bc8 28. d6 1-0

[Event "Caioba Telecom op 5th"]
[Site "Caioba"]
[Date "2019.08.17"]
[Round "8"]
[White "Egoroff, Jomar"]
[Black "De Borba, Guilherme"]
[Result "1-0"]
[WhiteElo "2276"]
[BlackElo "2296"]
[PlyCount "67"]
[EventDate "2019.08.12"]
[EventType "swiss"]
[EventRounds "9"]
[EventCountry "BRA"]
[SourceTitle "EXT 2020"]
[Source "ChessBase"]
[SourceDate "2019.10.17"]
[SourceVersion "1"]
[SourceVersionDate "2019.10.17"]
[SourceQuality "1"]

1. e4 c5 2. Nf3 e6 3. d4 cxd4 4. Nxd4 Nf6 5. Nc3 d6 6. Bg5 Be7 7. f4 h6 8. Bxf6 Bxf6 9. Qd2 a6 10. 0-0-0 0-0 11. Kb1 b5 12. g4 Bb7 13. Bg2 Nd7 14. h4 Bxh4 15. g5 hxg5 16. Nf3 Nc5 17. fxg5 Bg3 18. Rh3 Re8 19. b4 Nxe4 20. Nxe4 Bxe4 21. Rxg3 Qc7 22. Ne1 d5 23. Rc3 Qe5 24. Bxe4 Qxe4 25. Nd3 a5 26. Rc7 axb4 27. Qf2 Rf8 28. Rf1 Qg6 29. Ne5 Qxg5 30. Rxf7 Rfc8 31. Qh2 b3 32. cxb3 Rc2 33. Qxc2 Qxe5 34. Qg6 1-0

[Event "Parana-chT 61st"]
[Site "Londrina"]
[Date "2018.09.25"]
[Round "3.2"]
[White "Chemin, Vitorio"]
[Black "Egoroff, Jomar"]
[Result "1/2-1/2"]
[WhiteElo "2116"]
[BlackElo "2276"]
[PlyCount "101"]
[EventDate "2018.09.24"]
[EventType "team-tourn"]
[EventRounds "5"]
[EventCountry "BRA"]
[SourceTitle "CBM 187 Extra"]
[Source "ChessBase"]
[SourceDate "2018.11.04"]
[SourceVersion "1"]
[SourceVersionDate "2018.11.04"]
[SourceQuality "1"]
[WhiteTeam "Ponta Grossa"]
[BlackTeam "Maringa"]
[WhiteTeamCountry "BRA"]
[BlackTeamCountry "BRA"]

1. c4 e6 2. Nf3 d5 3. g3 Nf6 4. Bg2 Be7 5. 0-0 0-0 6. d4 c5 7. cxd5 exd5 8. Nc3 Nc6 9. Bg5 Be6 10. dxc5 Bxc5 11. Rc1 Be7 12. Nd4 h6 13. Be3 Qa5 14. Nxe6 fxe6 15. Bh3 Kf7 16. Bd2 Qa6 17. a4 Qb6 18. Nb5 Rad8 19. Qb3 Rd7 20. Be3 Qa5 21. Nd4 Nxd4 22. Bxd4 Re8 23. Rfd1 a6 24. Bxf6 Bxf6 25. e4 d4 26. Rc8 Bd8 27. f4 d3 28. Kg2 Qh5 29. g4 Qg6 30. f5 Qg5 31. Rf1 Kg8 32. fxe6 Rde7 33. Qxd3 Rxe6 34. Rf5 Qe7 35. Rd5 Bb6 36. Rxe8+ Qxe8 37. a5 Bc7 38. Qc4 Rc6 39. Rc5+ Kh8 40. Rxc6 Qxc6 41. Qxc6 bxc6 42. g5 hxg5 43. Bd7 Bxa5 44. Bxc6 Bc7 45. h3 Kh7 46. Be8 g6 47. Kf3 Kg7 48. Ke3 Kf6 49. Kd3 a5 50. Kc4 Be5 51. b3 1/2-1/2

[Event "Curitiba op"]
[Site "Curitiba"]
[Date "2018.02.25"]
[Round "6"]
[White "Calcado, Acyr Rogerio"]
[Black "Egoroff, Jomar"]
[Result "0-1"]
[WhiteElo "2142"]
[BlackElo "2265"]
[PlyCount "86"]
[EventDate "2018.02.23"]
[EventType "swiss"]
[EventRounds "6"]
[EventCountry "BRA"]
[SourceTitle "CBM 183 Extra"]
[Source "ChessBase"]
[SourceDate "2018.04.19"]
[SourceVersion "1"]
[SourceVersionDate "2018.04.19"]
[SourceQuality "1"]

1. e4 c5 2. Nf3 e6 3. d4 cxd4 4. Nxd4 a6 5. Bd3 Qc7 6. 0-0 Nf6 7. Qe2 d6 8. f4 Nbd7 9. Kh1 Be7 10. c4 b6 11. Nc3 Bb7 12. f5 e5 13. Nf3 0-0 14. Bg5 Rfe8 15. Rac1 Rac8 16. Nd5 Qd8 17. Nxe7+ Qxe7 18. Bb1 Rc7 19. Nd2 Rec8 20. Rc3 h6 21. Bh4 Nc5 22. Kg1 Bc6 23. g4 b5 24. Rg3 bxc4 25. g5 hxg5 26. Bxg5 Kf8 27. Rh3 Ke8 28. Nxc4 Ncd7 29. Rh8+ Nf8 30. Nb6 Rb8 31. Nd5 Bxd5 32. exd5 Qd7 33. Bxf6 gxf6 34. Bd3 Qa4 35. b3 Qd4+ 36. Kg2 Rc3 37. Bc4 Ke7 38. Rf3 Rc1 39. Qf2 Rxc4 40. bxc4 Rb2 41. h4 Rxf2+ 42. Rxf2 Qxc4 43. h5 Qg4+ 0-1

[Event "Curitiba op"]
[Site "Curitiba"]
[Date "2018.02.24"]
[Round "3"]
[White "Egoroff, Jomar"]
[Black "Filgueiras, Nathan Felipe"]
[Result "1-0"]
[WhiteElo "2265"]
[BlackElo "2022"]
[PlyCount "73"]
[EventDate "2018.02.23"]
[EventType "swiss"]
[EventRounds "6"]
[EventCountry "BRA"]
[SourceTitle "CBM 183 Extra"]
[Source "ChessBase"]
[SourceDate "2018.04.19"]
[SourceVersion "1"]
[SourceVersionDate "2018.04.19"]
[SourceQuality "1"]

1. e4 c5 2. Nf3 Nc6 3. d4 cxd4 4. Nxd4 d5 5. Bb5 dxe4 6. Nxc6 Qxd1+ 7. Kxd1 a6 8. Ba4 Bd7 9. Nc3 Bxc6 10. Bxc6+ bxc6 11. Nxe4 e5 12. Ke2 f5 13. Ng5 Nf6 14. Rd1 Be7 15. Ne6 Kf7 16. Ng5+ Ke8 17. Nf3 Nd7 18. Bd2 Bd8 19. Bb4 Rb8 20. a3 a5 21. Bc3 Bc7 22. Nd2 Ke7 23. Nc4 Rb5 24. Rd2 Ke6 25. Rad1 Nf6 26. Rd6+ Bxd6 27. Rxd6+ Ke7 28. Rxc6 Rd8 29. a4 Rbd5 30. Ne3 R5d7 31. Bxa5 Ra8 32. Nxf5+ Kf7 33. b4 Nd5 34. Kf3 Nf6 35. Nd6+ Ke7 36. Nc8+ Kf7 37. Nb6 1-0

[Event "Maringa Parana-ch"]
[Site "Maringa"]
[Date "2018.01.31"]
[Round "1"]
[White "Egoroff, Jomar"]
[Black "Assakawa, Ana Leticia Manso"]
[Result "1-0"]
[WhiteElo "2265"]
[BlackElo "1347"]
[PlyCount "101"]
[EventDate "2018.01.31"]
[EventType "swiss"]
[EventRounds "8"]
[EventCountry "BRA"]
[SourceTitle "CBM 182 Extra"]
[Source "ChessBase"]
[SourceDate "2018.02.23"]
[SourceVersion "1"]
[SourceVersionDate "2018.02.23"]
[SourceQuality "1"]

1. e4 e5 2. Nf3 Nc6 3. d4 exd4 4. Nxd4 Qf6 5. Be3 Bc5 6. c3 Nge7 7. Nc2 Bxe3 8. Nxe3 b6 9. Nd2 Bb7 10. Be2 0-0 11. 0-0 Rad8 12. f4 d6 13. Qe1 Ng6 14. Nd5 Qh4 15. Qxh4 Nxh4 16. Nxc7 Ng6 17. Rad1 Nce7 18. Bd3 d5 19. e5 d4 20. c4 Rd7 21. Nb5 a6 22. Nd6 Bc6 23. N2e4 Bxe4 24. Bxe4 f6 25. Rxd4 fxe5 26. fxe5 Rxf1+ 27. Kxf1 Nxe5 28. b3 Nf7 29. Nf5 Rxd4 30. Nxd4 Ne5 31. Ke2 g6 32. Ke3 Kf7 33. Nf3 Kf6 34. Kd4 Nxf3+ 35. Bxf3 Ke6 36. c5 Nf5+ 37. Kc4 Ne3+ 38. Kd3 Nd5 39. Bxd5+ Kxd5 40. cxb6 Kc6 41. Kc4 Kxb6 42. b4 a5 43. bxa5+ Kxa5 44. Kd5 Ka4 45. Ke6 Ka3 46. Kf6 Kxa2 47. Kg7 Kb2 48. Kxh7 Kc2 49. Kxg6 Kd2 50. h4 Ke3 51. h5 1-0

[Event "Maringa op 4th"]
[Site "Maringa"]
[Date "2014.08.22"]
[Round "6"]
[White "Caetano, Hugo Zanotti Mendon"]
[Black "Egoroff, Jomar"]
[Result "1-0"]
[WhiteElo "2190"]
[BlackElo "2315"]
[PlyCount "80"]
[EventDate "2014.08.20"]
[EventType "swiss"]
[EventRounds "9"]
[EventCountry "BRA"]
[SourceTitle "EXT 2015"]
[Source "ChessBase"]
[SourceDate "2014.11.20"]
[SourceVersion "1"]
[SourceVersionDate "2014.11.20"]
[SourceQuality "1"]

1. d4 d5 2. c4 e6 3. Nc3 Nf6 4. Bg5 Nbd7 5. e3 Be7 6. Qc2 0-0 7. Nf3 Re8 8. cxd5 exd5 9. Bd3 c6 10. 0-0 a6 11. h3 Nf8 12. Rad1 g6 13. Ne5 Ne6 14. Bh4 Ng7 15. Qb3 Nd7 16. Bxe7 Rxe7 17. f4 Nxe5 18. fxe5 Bf5 19. Bxf5 Nxf5 20. g4 Ng7 21. Rf6 Ne6 22. Rdf1 Qd7 23. Qd1 Rf8 24. h4 Ng7 25. e4 Ne6 26. exd5 cxd5 27. Qd2 Rc8 28. Qg2 Rd8 29. Qd2 Qc7 30. Qf2 Rdd7 31. h5 Qc4 32. Rd1 Kg7 33. Qe3 Rc7 34. Kg2 Qb4 35. Nxd5 Qxb2+ 36. Rf2 Qb4 37. Nxe7 Rxe7 38. Qf3 Rd7 39. d5 Qa4 40. h6+ Kxh6 1-0

[Event "Maringa op 4th"]
[Site "Maringa"]
[Date "2014.08.22"]
[Round "5"]
[White "Egoroff, Jomar"]
[Black "Sztokbant, Bernardo Vainzoff"]
[Result "1/2-1/2"]
[WhiteElo "2315"]
[BlackElo "2250"]
[PlyCount "43"]
[EventDate "2014.08.20"]
[EventType "swiss"]
[EventRounds "9"]
[EventCountry "BRA"]
[SourceTitle "EXT 2015"]
[Source "ChessBase"]
[SourceDate "2014.11.20"]
[SourceVersion "1"]
[SourceVersionDate "2014.11.20"]
[SourceQuality "1"]

1. e4 e5 2. Nf3 Nc6 3. Bc4 Bc5 4. 0-0 Nf6 5. d4 Bxd4 6. Nxd4 Nxd4 7. f4 d6 8. fxe5 dxe5 9. Bg5 Qe7 10. Bxf6 gxf6 11. c3 Ne6 12. Nd2 Bd7 13. Qf3 Rg8 14. Qxf6 Nf4 15. Bxf7+ Qxf7 16. Qxe5+ Qe6 17. Qxf4 0-0-0 18. Nb3 Rg4 19. Qe3 Rdg8 20. Rf2 Bc6 21. Raf1 b6 22. Rf8+ 1/2-1/2

[Event "Foz do Iguacu op 1st"]
[Site "Foz do Iguacu"]
[Date "2013.12.15"]
[Round "6"]
[White "Egoroff, Jomar"]
[Black "De Sousa, Matheus Mazim"]
[Result "1-0"]
[WhiteElo "2313"]
[BlackElo "2036"]
[PlyCount "57"]
[EventDate "2013.12.12"]
[EventType "swiss"]
[EventRounds "7"]
[EventCountry "BRA"]
[SourceTitle "CBM 158 Extra"]
[Source "ChessBase"]
[SourceDate "2014.02.28"]
[SourceVersion "1"]
[SourceVersionDate "2014.02.28"]
[SourceQuality "1"]

1. e4 c5 2. Nf3 Nc6 3. d4 cxd4 4. Nxd4 g6 5. Nc3 Bg7 6. Be3 Nf6 7. Nxc6 bxc6 8. e5 Ng8 9. Bd4 c5 10. Bxc5 Qc7 11. Bd4 Bxe5 12. Nb5 Qb8 13. Qf3 Bxd4 14. Nxd4 Qxb2 15. Rd1 Bb7 16. Qe3 Nf6 17. Bd3 Bxg2 18. Rg1 Qb4+ 19. Rd2 Nd5 20. Qe5 f6 21. Qg3 Nc3 22. f3 Nb1 23. Bxg6+ Kf8 24. c3 Nxc3 25. Qh4 Nb1 26. Qh6+ Kg8 27. Rgxg2 Qxd2+ 28. Rxd2 Nxd2 29. Nf5 1-0

[Event "Foz do Iguacu op 1st"]
[Site "Foz do Iguacu"]
[Date "2013.12.14"]
[Round "5"]
[White "Garkauskas, Otto Dmitry"]
[Black "Egoroff, Jomar"]
[Result "0-1"]
[WhiteElo "2122"]
[BlackElo "2313"]
[PlyCount "83"]
[EventDate "2013.12.12"]
[EventType "swiss"]
[EventRounds "7"]
[EventCountry "BRA"]
[SourceTitle "CBM 158 Extra"]
[Source "ChessBase"]
[SourceDate "2014.02.28"]
[SourceVersion "1"]
[SourceVersionDate "2014.02.28"]
[SourceQuality "1"]

1. d4 d5 2. c4 e6 3. Nc3 Nf6 4. cxd5 exd5 5. Bg5 Nbd7 6. e3 Be7 7. Bd3 0-0 8. Qc2 c6 9. Nge2 Re8 10. 0-0 Nf8 11. f3 Be6 12. Rad1 Nh5 13. Bxe7 Qxe7 14. Kh1 Ng6 15. g4 Nf6 16. Ng3 Nd7 17. Nf5 Bxf5 18. gxf5 Ngf8 19. e4 dxe4 20. fxe4 Qh4 21. Bc4 Re7 22. e5 Nxe5 23. f6 gxf6 24. dxe5 Qxc4 25. exf6 Re6 26. Qf2 Rae8 27. Rd4 Qxf1+ 28. Qxf1 Re1 29. Qxe1 Rxe1+ 30. Kg2 Re6 31. Rg4+ Ng6 32. h4 h5 33. Rg5 Rxf6 34. Ne4 Rf4 35. Ng3 Rxh4 36. Kf3 Rf4+ 37. Ke3 Rg4 38. Rxg4 hxg4 39. Nf5 Ne5 40. b3 f6 41. Kf4 b5 42. a4 0-1

[Event "Foz do Iguacu op 1st"]
[Site "Foz do Iguacu"]
[Date "2013.12.13"]
[Round "3"]
[White "Silva, Lucas Henrique Da"]
[Black "Egoroff, Jomar"]
[Result "0-1"]
[WhiteElo "2081"]
[BlackElo "2313"]
[PlyCount "100"]
[EventDate "2013.12.12"]
[EventType "swiss"]
[EventRounds "7"]
[EventCountry "BRA"]
[SourceTitle "CBM 158 Extra"]
[Source "ChessBase"]
[SourceDate "2014.02.28"]
[SourceVersion "1"]
[SourceVersionDate "2014.02.28"]
[SourceQuality "1"]

1. d4 d5 2. c4 e6 3. Nc3 Nf6 4. Bg5 Be7 5. e3 0-0 6. Qc2 b6 7. 0-0-0 Bb7 8. Nf3 Nbd7 9. Kb1 c5 10. dxc5 bxc5 11. cxd5 exd5 12. Bb5 a6 13. Bxd7 Qxd7 14. Bxf6 Bxf6 15. Ne4 Qf5 16. Nxf6+ Qxf6 17. Qxc5 Qg6+ 18. Qc2 Qxg2 19. Qe2 d4 20. e4 Rfe8 21. Rhg1 Rxe4 22. Qd3 Qxf2 23. Ng5 Qe3 24. Qc4 Re7 25. Rg3 Qf2 26. Qd3 g6 27. Rh3 Re1 28. Rg3 Rae8 29. Nf3 Be4 30. Nxe1 Qe2 31. Nc2 Bxd3 32. Rgxd3 Rc8 33. Nxd4 Qxh2 34. a3 h5 35. Rf3 Rd8 36. Ka2 Rb8 37. Nb3 Qc2 38. Rd7 Qc4 39. Rc3 Qe6 40. Rdd3 a5 41. Re3 Qb6 42. Re4 Kg7 43. Ra4 Ra8 44. Rf3 Qb5 45. Raf4 f5 46. Nd4 Qd5+ 47. Kb1 Re8 48. Rd3 Qe5 49. Rdf3 Rd8 50. Rd3 Kf6 0-1

[Event "Ribeira Valley op 9th"]
[Site "Registro"]
[Date "2013.08.02"]
[Round "8"]
[White "Daneri, Martin"]
[Black "Egoroff, Jomar"]
[Result "0-1"]
[WhiteElo "2135"]
[BlackElo "2291"]
[PlyCount "84"]
[EventDate "2013.07.30"]
[EventType "swiss"]
[EventRounds "9"]
[EventCountry "BRA"]
[SourceTitle "CBM 155 Extra"]
[Source "ChessBase"]
[SourceDate "2013.08.26"]
[SourceVersion "1"]
[SourceVersionDate "2013.08.26"]
[SourceQuality "1"]

1. e4 c5 2. Nc3 a6 3. g3 Nc6 4. Bg2 g6 5. d3 Bg7 6. Be3 d6 7. Qd2 Bd7 8. h4 b5 9. h5 b4 10. Nd1 a5 11. Ne2 Rc8 12. a3 Ne5 13. f3 Qc7 14. Kf2 Nf6 15. h6 Bf8 16. Bg5 Ng8 17. Ne3 e6 18. f4 Nc6 19. Ng4 Be7 20. Bxe7 Ncxe7 21. c3 f5 22. Ne3 bxa3 23. Rxa3 Nf6 24. Rha1 a4 25. b3 axb3 26. Ra7 Qd8 27. e5 dxe5 28. fxe5 Ng4+ 29. Nxg4 fxg4 30. Kg1 0-0 31. Nf4 Nf5 32. Kh2 Rb8 33. d4 cxd4 34. cxd4 b2 35. Rb1 Qg5 36. Rxd7 Qxh6+ 37. Kg1 Nxg3 38. Rxb2 Rxb2 39. Qxb2 Qxf4 40. Qa2 Qc1+ 41. Kh2 Nf1+ 42. Bxf1 Qf4+ 0-1

[Event "Ribeira Valley op 9th"]
[Site "Registro"]
[Date "2013.08.01"]
[Round "6"]
[White "Egoroff, Jomar"]
[Black "Mareco, Sandro"]
[Result "1/2-1/2"]
[WhiteElo "2291"]
[BlackElo "2561"]
[PlyCount "42"]
[EventDate "2013.07.30"]
[EventType "swiss"]
[EventRounds "9"]
[EventCountry "BRA"]
[SourceTitle "CBM 155 Extra"]
[Source "ChessBase"]
[SourceDate "2013.08.26"]
[SourceVersion "1"]
[SourceVersionDate "2013.08.26"]
[SourceQuality "1"]

1. e4 c5 2. Nf3 d6 3. d4 cxd4 4. Nxd4 Nf6 5. Nc3 a6 6. Bg5 Nbd7 7. f4 Qa5 8. Qf3 h6 9. Bxf6 Nxf6 10. Bd3 g5 11. Nb3 Qc7 12. Nd5 Nxd5 13. exd5 Bg7 14. 0-0-0 Bd7 15. Rde1 g4 16. Qe3 Bf6 17. Kb1 b5 18. Nd2 Qa7 19. Ne4 Qxe3 20. Nxf6+ exf6 21. Rxe3+ Kd8 1/2-1/2

[Event "Foz do Iguacu op 3rd"]
[Site "Foz do Iguacu"]
[Date "2013.05.31"]
[Round "2"]
[White "Egoroff, Jomar"]
[Black "Deus Filho, Joaquim"]
[Result "1-0"]
[WhiteElo "2291"]
[BlackElo "2009"]
[PlyCount "69"]
[EventDate "2013.05.31"]
[EventType "swiss"]
[EventRounds "6"]
[EventCountry "BRA"]
[SourceTitle "CBM 154 Extra"]
[Source "ChessBase"]
[SourceDate "2013.06.25"]
[SourceVersion "2"]
[SourceVersionDate "2013.06.25"]
[SourceQuality "1"]

1. e4 c5 2. Nf3 d6 3. d4 cxd4 4. Nxd4 Nf6 5. Nc3 g6 6. Be3 Bg7 7. f3 Nc6 8. Qd2 0-0 9. 0-0-0 Nxd4 10. Bxd4 Be6 11. Kb1 Re8 12. Bb5 Rf8 13. Be2 Re8 14. h4 Qa5 15. h5 b5 16. hxg6 fxg6 17. Qg5 Rec8 18. a3 Qc7 19. Rd2 Rab8 20. e5 Ne8 21. Nxb5 Qd7 22. exd6 exd6 23. Bxg7 Qxg7 24. Qe3 Bd7 25. Nd4 Nf6 26. c4 Re8 27. Qf4 Re5 28. Nb5 Nh5 29. Qh4 d5 30. Nc3 Rbe8 31. cxd5 Re3 32. Rc1 Rb8 33. Qd4 Qf8 34. Qxe3 Qxa3 35. g4 1-0

[Event "Parana-ch"]
[Site "Curitiba"]
[Date "2013.01.22"]
[Round "1"]
[White "Okawati, Gabriel Akira Andra"]
[Black "Egoroff, Jomar"]
[Result "0-1"]
[WhiteElo "1830"]
[BlackElo "2311"]
[PlyCount "58"]
[EventDate "2013.01.22"]
[EventType "swiss"]
[EventRounds "9"]
[EventCountry "BRA"]
[SourceTitle "CBM 152 Extra"]
[Source "ChessBase"]
[SourceDate "2013.02.25"]
[SourceVersion "1"]
[SourceVersionDate "2013.02.25"]
[SourceQuality "1"]

1. e4 c5 2. Nf3 e6 3. d4 cxd4 4. Nxd4 a6 5. Bd3 Qc7 6. 0-0 Bc5 7. Nb3 Be7 8. Nc3 Nf6 9. Be3 b5 10. a3 Bb7 11. f4 d6 12. Qf3 0-0 13. g4 g6 14. g5 Nh5 15. Qh3 f5 16. gxf6 Rxf6 17. f5 exf5 18. exf5 Qd7 19. Bg5 Rf7 20. Ne4 Bxe4 21. Bxe4 Bxg5 22. Bxa8 Qa7+ 23. Kh1 Qxa8+ 24. Kg1 Qa7+ 25. Kh1 Qb7+ 26. Kg1 Nf4 27. Qg4 Rxf5 28. Nd4 Qe4 29. c3 Ne2+ 0-1